Statystyki dla Pierwowzory pokemonów 1

Kliknij tutaj aby rozwiązać quiz!

Ogólne statystyki

  • Ten quiz został rozwiązany 20 razy
    (16 od ostatniego zresetowania)
  • Średni wynik to 38 z 217

Statystyki odpowiedzi

HintOdpowiedź% Poprawnych
Delcatty | Glameow | Jigglypuff | LittenKot
73%
Aipom | Ambipom | InfernapeMałpa
73%
Charizard | Deino | Dragonair | +2 othersSmok
73%
EkansWąż
73%
ArbokKobra
67%
DelphoxLis
60%
DeerlingJeleń
53%
AerodactylPterodaktyl
53%
Aurorus | Bagon | Bastiodon | +4 othersDinozaur
47%
BreloomGrzyb
47%
KabutoKrab
47%
Diglett | Drilbur | Dugtrio | ExcadrillKret
47%
ExeggcuteJajko
40%
AriadosPająk
40%
ExeggutorPalma
40%
GeodudeSkała
40%
Golem | Grotle | TorterraŻółw
40%
Drifblim | DrifloonBalon
33%
BibarelBóbr
33%
FlorgesKwiat
33%
Beautifly | ButterfreeMotyl
33%
DurantMrówka
33%
AzurillMysz
33%
Crobat | GliscorNietoperz
33%
Dubwool | FlaffyOwca
33%
CombeePszczoła
33%
Grumpig | SpoinkŚwinia
33%
GreedentWiewiórka
33%
Croagunk | Froakie | GreninjaŻaba
33%
GirafarigŻyrafa
33%
Hippopotas | HippowdonHipopotam
27%
Cacnea | CacturneKaktus
27%
Audino | Azumarill | Buneary | +2 othersKrólik
27%
Dartrix | HoothootSowa
27%
Ledian | LedybaBiedronka
20%
Burmy | DustoxĆma
20%
CaterpieGąsienica
20%
Cascoon | KakunaKokon
20%
Croconaw | FeraligatrKrokodyl
20%
FearowOrzeł
20%
EmpoleonPingwin cesarski
20%
GligarSkorpion
20%
DoduoStruś
20%
Cherrim | CherubiWiśnia
20%
BlitzleZebra
20%
GoldeenZłota rybka
20%
AbomashowChoinka
13%
KarrablastChrząszcz
13%
FurretFretka
13%
LampentLampa
13%
LarvitarLarwa
13%
HeatmorMrówkojad
13%
BeedrillOsa
13%
BasculinPirania
13%
ElectrodePokeball
13%
LaprasPotwór z Loch Ness
13%
CofagrigusSarkofag
13%
Eelektrik | Eelektross | TynamoWęgorz elektryczny
13%
CameruptWielbłąd
13%
GarbodorWorek na śmieci
13%
Buizel | Dewott | FloatzelWydra
13%
HelioliskAgama
7%
BonslyBonsai
7%
HitmonleeBruce Lee
7%
GranbullBuldog
7%
BidoofChomik
7%
HoopaDżin
7%
GolduckDziobak
7%
FalinksFalanga
7%
GrovyleGekon
7%
HitmonchanJackie Chan
7%
ChespinKasztan
7%
DragalgeKonik morski
7%
CloysterMałża
7%
Hoppip | JumpluffMlecz
7%
Amoonguss | FoongusMuchomor
7%
FurfrouPudel
7%
GloomRaflezja
7%
EscavalierRycerz
7%
CharmanderSalamandra
7%
GastrodonŚlimak morski
7%
HariyamaSumo
7%
KricketuneŚwierszcz
7%
ChimcharSzympans
7%
DrowzeeTapir
7%
HonchkrowWrona
7%
Blissey | ChanseyAksolotl
0%
Anorith | ArmaldoAnomalocaris
0%
Brionne | KirliaBaletnica
0%
FeebasBass
0%
BraviaryBielik amerykański
0%
BarboachBocja
0%
LumineonBojownik
0%
LinooneBorsuk
0%
Dusclops | DusknoirCyklop
0%
DarumakaDaruma
0%
DewgongDiugoń
0%
Houndoom | HoundourDoberman
0%
FerroseedDurian
0%
BellsproutDzbanecznik
0%
Chimecho | ChinglingDzwoneczek
0%
Braixen | Eevee | Fennekin | +2 othersFenek
0%
DruddigonGargulec
0%
ChesnaughtGlyptogon
0%
Gothita | Gothitelle | GothoritaGoth loli
0%
DecidueyeGrallistrix
0%
QuilladinJeżozwierz
0%
CharmeleonKameleon
0%
DodtrioKazuar
0%
CyndaquilKolczatka
0%
Klang | Klink | KlinkklangKółko zębate
0%
DuskullKosiarz
0%
DwebbleKrab pustelnik
0%
Clauncher | ClawitzerKrewetka
0%
LiepardLeopard
0%
Cradily | LileepLilia wodna
0%
LitleoLwiątko
0%
GumshoosMangusta
0%
BanetteMarionetka
0%
Frillish | JellicentMeduza
0%
FomantisModliszka storczykowa
0%
FlygonMrówkolew
0%
DedenneMyszoskoczek
0%
FinneonNeonek
0%
DarmanitanOrangutan
0%
Barbaracle | BinaclePąkla
0%
AromatissePerfumy
0%
HaunterPoltergeist
0%
EmolgaPotaluch
0%
FletchingRudzik
0%
FerrothornRzep
0%
AlomomolaSamogłów
0%
BeldumSatelita
0%
CrustleSkorupiak
0%
DelibirdŚwięty Mikołaj
0%
EspurrSzkocki zwisłouchy
0%
CinccinoSzynszyla
0%
ForretressSzyszka
0%
Araquanid | DewpiderTopik
0%
IncineroarTygrysia maska
0%
KabutopsWielorak
0%
Flabebe | FloetteWróżka
0%
Herdier | LillipupYork
0%
FroslassYuki onna
0%
Chinchou | LanturnŻabnica
0%
Abra | KadabraZaklęcie
0%
Amaura | ChikoritaZauropod
0%

Rozkład punktacji

Percentyl według liczby udzielonych odpowiedzi

Procent ludzi z każdym wynikiem

Twoja historia wyników

Nie rozwiązałeś tego quizu od ostatniego zresetowania